000
00301nam a22001337a 4500
008
170623b xxu||||| |||| 00| 0 eng d
020
_a
015570740-X
041
_a
eng
080
_a
32
100
_a
21
101
_a
SHP
245
_a
POLITICS: A HANDBOOK FOR STUDENTS
_c
WEISSBERG,R
942
_2
udc
_c
BK
999
_c
19015
_d
19015